000
00412nam a22001337a 4500
003
SGT
020
_a
9789326252291
082
_a
891.4309
_b
V14S
100
_a
सक्ससेना, राम प्रकाशन
245
_a
वर्धा हिंदी शब्दकोष
260
_b
भारतीय ज्ञानपीठ प्रकाशन
_c
2014
300
_a
1255
942
_2
ddc
_c
BK
999
_c
31422
_d
31422